[Event "AUTO-MASTER-584"]
[Site "http://www.queenalice.com/game.php?id=513270"]
[Date "2008.12.27"]
[Round "2"]
[White "Guilherme_Ottoni"]
[Black "Maneiro"]
[Result "0-1"]
[WhiteElo "1983"]
[BlackElo "2364"]

1. d4 Nf6 2. c4 e6 3. Nc3 Bb4 4. e3 c5 5. Ne2 cxd4 6. exd4 O-O 7. a3 Be7 8. Nf4
d6 9. Be3 Nc6 10. Be2 e5 11. dxe5 dxe5 12. Nfd5 Nxd5 13. Nxd5 f5 14. Nxe7+ Qxe7
15. O-O Rd8 16. Qc2 f4 17. Bd2 Nd4 18. Qd1 f3 19. Bxf3 Nxf3+ 20. gxf3 Bh3 21.
Re1 Qf6 22. Kh1 Rxd2 23. Qb3 Rxb2 24. Qe3 Rf8 0-1

[Event "QA-ANNIV-04"]
[Site "http://www.queenalice.com/game.php?id=514335"]
[Date "2008.12.29"]
[Round "4"]
[White "Maneiro"]
[Black "gvbarbosa"]
[Result "1-0"]
[WhiteElo "2365"]
[BlackElo "2174"]

1. d4 Nf6 2. Nf3 g6 3. Bg5 Bg7 4. Nbd2 d5 5. e3 O-O 6. c3 Bf5 7. Qb3 b6 8. h3
Nbd7 9. Bf4 c5 10. Ba6 c4 11. Qa4 e5 12. Nxe5 Nxe5 13. Bxe5 Bd7 14. Bb5 Bxb5 15.
Qxb5 a6 16. Qc6 b5 17. a4 Re8 18. axb5 axb5 19. O-O Ne4 20. Nxe4 Bxe5 21. dxe5
dxe4 22. Qxe4 Ra5 23. Rxa5 Qxa5 24. Rd1 Qa8 25. Qd5 Qxd5 26. Rxd5 Rb8 27. f4 h5
28. Kf2 Kf8 29. Rd7 Ke8 30. Rc7 Kf8 31. Kg3 Rd8 32. Kh4 b4 33. cxb4 Rd2 34. Kg5
Ke8 35. Kf6 1-0

[Event "AUTO-ELITE-209"]
[Site "http://www.queenalice.com/game.php?id=515336"]
[Date "2008.12.31"]
[Round "2"]
[White "biscuter"]
[Black "Maneiro"]
[Result "1/2-1/2"]
[WhiteElo "2463"]
[BlackElo "2380"]

1. e4 c5 2. Nf3 Nc6 3. d4 cxd4 4. Nxd4 Qb6 5. Nb3 e6 6. Nc3 Nf6 7. Bd3 Bb4 8.
Bd2 O-O 9. a3 Be7 10. Be3 Qc7 11. O-O d6 12. f4 a6 13. g4 h6 14. h4 h5 15. gxh5
b5 16. Rf2 Bb7 17. Qf3 Kh8 18. Rg2 Rg8 19. Kh1 Rad8 20. Rag1 b4 21. axb4 Nxb4
22. h6 g6 23. Qf2 Rc8 24. Nd4 Nxd3 25. cxd3 d5 26. e5 Nh5 27. Nce2 Qd8 28. f5
exf5 29. Bg5 Qc7 30. Nf4 Bxg5 31. Rxg5 Nxf4 32. Qxf4 f6 33. Rxg6 Rxg6 34. Rxg6
Qxe5 35. Qxe5 fxe5 36. Nxf5 d4+ 37. Kh2 Rf8 38. Nd6 Bd5 39. b4 Rf2+ 40. Kg1 Rf8
1/2-1/2

[Event "AUTO-ELITE-209"]
[Site "http://www.queenalice.com/game.php?id=515337"]
[Date "2008.12.31"]
[Round "2"]
[White "Maneiro"]
[Black "biscuter"]
[Result "1/2-1/2"]
[WhiteElo "2382"]
[BlackElo "2461"]

1. d4 Nf6 2. Nf3 d5 3. c4 c6 4. Nc3 dxc4 5. a4 Bf5 6. e3 e6 7. Bxc4 Nbd7 8. O-O
Bb4 9. Nh4 Bg6 10. Qb3 a5 11. f4 O-O 12. Nxg6 hxg6 13. Na2 c5 14. Nxb4 cxb4 15.
Be2 Rc8 16. Bf3 Qc7 17. Qd3 Rfd8 18. Qb5 b6 19. e4 Qc2 20. Rf2 Qb3 21. Qe2 Nb8
22. Be3 Nc6 23. d5 exd5 24. Bxb6 dxe4 25. Bxd8 Rxd8 26. Bxe4 Nd4 27. Qd3 Qxd3
28. Bxd3 Ng4 29. Rd1 Nxf2 30. Kxf2 Ne6 31. Ke3 Kf8 32. g3 Nc5 33. Be2 Re8+ 34.
Kf3 Ke7 35. Bb5 Rc8 36. Rc1 Kd6 37. b3 f6 38. Bc4 Re8 39. Rb1 Re7 40. Rd1+ Kc6
41. Rd8 Re1 42. Bd5+ Kc7 43. Rg8 1/2-1/2

[Event "AUTO-ELITE-218"]
[Site "http://www.queenalice.com/game.php?id=533082"]
[Date "2009.2.1"]
[Round "2"]
[White "Maneiro"]
[Black "headhunter"]
[Result "1-0"]
[WhiteElo "2382"]
[BlackElo "2431"]

1. c4 Nf6 2. Nc3 g6 3. e4 d6 4. d4 Bg7 5. f3 O-O 6. Be3 Nc6 7. Nge2 a6 8. Qd2
Rb8 9. Nc1 e5 10. d5 Nd4 11. N1e2 c5 12. dxc6 Nxc6 13. Rc1 Be6 14. Nd5 Nd7 15.
g3 f5 16. exf5 Bxf5 17. Bg2 Rc8 18. O-O Rf7 19. b3 Nc5 20. b4 Na4 21. b5 Nb8 22.
g4 Be6 23. f4 Kh8 24. Ng3 Bxg4 25. fxe5 Rxf1+ 26. Rxf1 Be6 27. Bg5 Qd7 28. Nf6
Qc7 29. exd6 Qb6+ 30. Kh1 Rf8 31. Bh6 Bxf6 32. Bxf8 Nd7 33. Rxf6 1-0

[Event "AUTO-ELITE-218"]
[Site "http://www.queenalice.com/game.php?id=533083"]
[Date "2009.2.1"]
[Round "2"]
[White "headhunter"]
[Black "Maneiro"]
[Result "0-1"]
[WhiteElo "2418"]
[BlackElo "2410"]

1. e4 c5 2. Nf3 Nc6 3. Bb5 g6 4. O-O Bg7 5. c3 Nf6 6. Qa4 O-O 7. d4 cxd4 8. cxd4
d6 9. Bxc6 bxc6 10. Qxc6 Rb8 11. Re1 Bg4 12. Nbd2 Qa5 13. Qc3 Qxc3 14. bxc3 Rfc8
15. Rb1 Rxb1 16. Nxb1 Be6 17. d5 Bd7 18. Nd4 Ng4 19. Bd2 Rb8 20. Nb3 Ne5 21. Na3
Rb6 22. Ra1 Ra6 23. Nc2 Nc4 24. Be1 e6 25. f3 h5 26. dxe6 fxe6 27. Ncd4 Rb6 28.
Bh4 Bh6 29. Nc2 Rb5 30. Rd1 a5 31. Rd4 d5 32. exd5 exd5 33. Rd1 a4 34. Nbd4 Rb2
35. a3 Bf5 36. Nxf5 gxf5 37. Ne1 Be3+ 38. Kh1 Bd2 39. Nd3 Rb3 40. Bf2 Rxa3 41.
Nb4 Rb3 42. Bd4 Be3 0-1

[Event "QA-ANNIV-04"]
[Site "http://www.queenalice.com/game.php?id=578104"]
[Date "2009.4.26"]
[Round "5"]
[White "TcheRenato"]
[Black "Maneiro"]
[Result "0-1"]
[WhiteElo "2412"]
[BlackElo "2371"]

1. e4 c5 2. c4 Nc6 3. Nc3 e6 4. Nf3 Nf6 5. Be2 b6 6. O-O Bb7 7. d4 cxd4 8. Nxd4
Qb8 9. Nb3 Bb4 10. f3 h6 11. a3 Bd6 12. f4 e5 13. g3 O-O 14. Be3 Ne7 15. Bd3 a5
16. Rc1 a4 17. c5 bxc5 18. Nxc5 Bc6 19. Bc2 h5 20. N5xa4 Ng4 21. Qd3 f5 22. Bc5
Bxc5+ 23. Nxc5 Qxb2 24. a4 Qb4 25. Bb3+ Kh8 26. Nd5 Bxd5 27. exd5 d6 28. Ne6
Qb6+ 29. Kh1 Rfc8 30. Qb5 Rxc1 31. Qxb6 Rxf1+ 32. Kg2 Rf2+ 33. Kg1 Rc8 34. Nc7
h4 35. h3 hxg3 36. hxg4 Ng6 37. Qb7 Nh4 38. Bd1 Rd2 39. Qxc8+ Kh7 0-1

[Event "AUTO-ELITE-344"]
[Site "http://www.queenalice.com/game.php?id=591803"]
[Date "2009.5.21"]
[Round "1"]
[White "Maneiro"]
[Black "Danton"]
[Result "1/2-1/2"]
[WhiteElo "2384"]
[BlackElo "2345"]

1. d4 Nf6 2. Nf3 d5 3. g3 Nc6 4. Bg2 Bf5 5. O-O e6 6. c4 dxc4 7. Nbd2 Be7 8.
Nxc4 O-O 9. Re1 h6 10. Bf4 Be4 11. Ncd2 Bh7 12. Qb3 Nxd4 13. Nxd4 Qxd4 14. Red1
Qb6 15. Bxb7 Rad8 16. Nc4 Rxd1+ 17. Rxd1 Qxb3 18. axb3 Rb8 19. Na5 Ne8 20. Bc6
Bb4 21. Be3 Bxa5 22. Bxa7 Rc8 23. Bb7 Bb6 24. Bxb6 Rb8 25. Bc5 Bc2 26. Ra1 Rxb7
27. Ra8 Bxb3 28. Rxe8+ Kh7 29. Re7 Kg6 30. Kf1 Bc4 31. b4 Ba6 32. Rd7 Bb5 33.
Rd8 f6 34. Ke1 Bc6 35. f3 1/2-1/2

[Event "AUTO-ELITE-344"]
[Site "http://www.queenalice.com/game.php?id=591804"]
[Date "2009.5.21"]
[Round "1"]
[White "Danton"]
[Black "Maneiro"]
[Result "1/2-1/2"]
[WhiteElo "2346"]
[BlackElo "2383"]

1. d4 Nf6 2. c4 e6 3. Nf3 b6 4. g3 Ba6 5. b3 Bb4+ 6. Bd2 Be7 7. Nc3 O-O 8. Bg2
Bb7 9. O-O d5 10. Bf4 Ne4 11. Qc2 Nxc3 12. Qxc3 c5 13. cxd5 exd5 14. dxc5 bxc5
15. Rac1 Na6 16. Rfd1 Re8 17. a3 Bf6 18. Qd3 Re6 19. Bh3 Rb6 20. Be5 Qe7 21.
Bxf6 Qxf6 22. Bg2 g6 23. Ne1 Rd8 24. Qc2 d4 25. Bxb7 Rxb7 26. Nf3 Rdb8 27. b4
cxb4 28. Qb3 Qe7 29. Nxd4 bxa3 30. Qa4 Rb6 31. Ra1 Nc5 32. Qxa3 R8b7 33. Kg2 h5
34. Rdc1 Ne6 1/2-1/2

[Event "AUTO-ELITE-344"]
[Site "http://www.queenalice.com/game.php?id=591805"]
[Date "2009.5.21"]
[Round "1"]
[White "Maneiro"]
[Black "puddschini"]
[Result "1/2-1/2"]
[WhiteElo "2426"]
[BlackElo "2488"]

1. d4 d5 2. Nf3 Nf6 3. g3 c6 4. Bg2 Bf5 5. O-O h6 6. c4 e6 7. Nc3 Nbd7 8. Qb3
Qb6 9. c5 Qxb3 10. axb3 Ne4 11. Ne1 e5 12. Nf3 Ng5 13. Bxg5 hxg5 14. b4 e4 15.
Ne1 a6 16. b5 cxb5 17. Nxd5 O-O-O 18. Ne3 Bg6 19. b4 f5 20. f3 Nf6 21. fxe4 Nxe4
22. Bxe4 fxe4 23. N1c2 Be7 24. Nf5 Bf6 25. Rad1 Bxf5 26. Rxf5 b6 27. e3 Kb7 28.
Rb1 Kc6 29. Ra1 Kb7 30. Raf1 Rh6 31. R5f2 Kc6 32. Ra1 1/2-1/2

[Event "AUTO-ELITE-344"]
[Site "http://www.queenalice.com/game.php?id=591806"]
[Date "2009.5.21"]
[Round "1"]
[White "puddschini"]
[Black "Maneiro"]
[Result "0-1"]
[WhiteElo "2502"]
[BlackElo "2400"]

1. d4 Nf6 2. c4 e6 3. Nc3 Bb4 4. f3 c5 5. d5 O-O 6. e4 exd5 7. cxd5 d6 8. Ne2
Nbd7 9. Ng3 Ne5 10. Be3 Bd7 11. Be2 Rc8 12. O-O Re8 13. Qb3 a6 14. Rac1 Ba5 15.
Qxb7 Bb6 16. Nf5 Bxf5 17. exf5 Ra8 18. f4 Ra7 19. Qxa7 Bxa7 20. fxe5 Rxe5 21.
Bg5 h6 22. Bh4 Qc8 23. Bxf6 c4+ 24. Kh1 gxf6 25. Rf4 Be3 26. Rg4+ Kf8 0-1

[Event "QA-ANNIV-05"]
[Site "http://www.queenalice.com/game.php?id=604284"]
[Date "2009.6.15"]
[Round "1"]
[White "johnson_PEBR"]
[Black "Maneiro"]
[Result "0-1"]
[WhiteElo "2163"]
[BlackElo "2395"]

1. Nf3 Nf6 2. c4 e6 3. d4 b6 4. Nc3 Bb7 5. Bg5 h6 6. Bh4 Be7 7. e3 O-O 8. Bd3 c5
9. Rc1 cxd4 10. exd4 d5 11. Bxf6 Bxf6 12. O-O dxc4 13. Bxc4 Nc6 14. Ne2 e5 15.
dxe5 Nxe5 16. Nxe5 Bxe5 17. Qb3 Qf6 18. Nc3 Bxg2 19. Kxg2 Qg5+ 20. Kf3 Qh5+ 21.
Ke3 Rad8 22. Rcd1 Bf4+ 23. Kxf4 Qh4+ 24. Kf3 Qh3+ 25. Kf4 Rde8 26. Ne4 g5+ 27.
Nxg5 hxg5+ 28. Kxg5 Re5+ 29. Kf4 Qf5+ 30. Kg3 Qg6+ 31. Kf3 Qe4+ 0-1

[Event "AUTO-ELITE-371"]
[Site "http://www.queenalice.com/game.php?id=619411"]
[Date "2009.7.15"]
[Round "1"]
[White "Maneiro"]
[Black "OrlandoRochaFilho"]
[Result "0-1"]
[WhiteElo "2417"]
[BlackElo "2155"]

1. d4 Nf6 2. c4 g6 3. Nc3 Bg7 4. e4 O-O 5. Nf3 d6 6. Be2 e5 7. O-O Nc6 8. d5 Ne7
9. Ne1 Nd7 10. Nd3 f5 11. f3 f4 12. Bd2 Nf6 13. Be1 c5 14. Bf2 g5 15. b4 b6 16.
a4 h5 17. a5 Ba6 18. Nb5 Bxb5 19. cxb5 Ng6 20. axb6 axb6 21. Rxa8 Qxa8 22. bxc5
bxc5 0-1

[Event "AUTO-ELITE-371"]
[Site "http://www.queenalice.com/game.php?id=619412"]
[Date "2009.7.15"]
[Round "1"]
[White "OrlandoRochaFilho"]
[Black "Maneiro"]
[Result "1-0"]
[WhiteElo "2175"]
[BlackElo "2404"]

1. b3 d5 2. Bb2 Nf6 3. e3 c5 4. Bb5+ Bd7 5. Bxd7+ Nbxd7 6. f4 e6 7. Nf3 Bd6 8.
O-O O-O 9. Nc3 a6 10. Ne2 Re8 11. Qe1 e5 12. fxe5 Nxe5 13. Nxe5 Bxe5 14. Bxe5
Rxe5 15. Nf4 d4 16. Rf3 Re8 17. Qe2 Qd6 18. Raf1 Rad8 19. Nd3 b5 20. Rf5 dxe3
21. dxe3 Nd5 22. Rxf7 1-0

[Event "AUTO-ELITE-371"]
[Site "http://www.queenalice.com/game.php?id=619413"]
[Date "2009.7.15"]
[Round "1"]
[White "Maneiro"]
[Black "GM_Gaucho"]
[Result "1-0"]
[WhiteElo "2418"]
[BlackElo "2229"]

1. d4 Nf6 2. c4 g6 3. Nc3 d5 4. Nf3 Bg7 5. e3 c5 6. dxc5 Be6 7. Nd4 O-O 8. Be2
Nc6 9. Nxe6 fxe6 10. O-O Rc8 11. Rb1 Na5 12. cxd5 exd5 13. b4 Nc4 14. Nxd5 b5
15. Nc3 Qxd1 16. Rxd1 1-0

[Event "AUTO-ELITE-371"]
[Site "http://www.queenalice.com/game.php?id=619414"]
[Date "2009.7.15"]
[Round "1"]
[White "GM_Gaucho"]
[Black "Maneiro"]
[Result "0-1"]
[WhiteElo "2235"]
[BlackElo "2422"]

1. d4 Nf6 2. c4 e6 3. Nc3 Bb4 4. e3 O-O 5. Ne2 b6 6. a3 Be7 7. d5 Bb7 8. e4 Na6
9. Ng3 Re8 10. Be2 Bd6 11. O-O Be5 12. Qc2 exd5 13. exd5 c6 14. dxc6 Bxc6 15.
Rd1 Nc5 16. Be3 Qc7 17. Nd5 Nxd5 18. cxd5 Ba4 19. Qf5 Bxb2 0-1